| 000 | 01321nam0a22003011 4500 | ||
|---|---|---|---|
| 001 | rc\3639264 | ||
| 005 | 20130115145345.5 | ||
| 021 |
_aRU _b[72-33144] |
||
| 035 | _a(NLR Aleph) 007828509 | ||
| 090 |
_a7767397 _c7767397 |
||
| 100 | _a20130115d1971 |||y0rusy50 ca | ||
| 101 | 0 | _arus | |
| 102 | _aRU | ||
| 105 | _ay z ||||| | ||
| 200 | 1 |
_aМетодическое пособие по переводу немецкой научно-технической литературы для студентов заочного обучения _fСост. Е.К. Димке _gМ-во высш. и сред. спец. образ. РСФСР. Иркут. политехн. ин-т. Кафедра нем. яз. |
|
| 210 |
_aИркутск _cБ. и. _d1971 |
||
| 215 |
_a75 с. _d19 |
||
| 320 | _aСписок лит.: с. 74 (8 назв.) | ||
| 606 |
_aТехническая литература _xПереводы _2psbo |
||
| 606 |
_aНемецкий язык _xПереводы _2psbo |
||
| 606 |
_aНаучная литература _xПереводы _2psbo |
||
| 702 | 1 |
_aДимке _bЕ. К. _4220 |
|
| 712 | 0 | 2 |
_aИркутский политехнический институт _3RU\NLR\AUTH\889933239 |
| 801 | 0 |
_aRU _bNLR _gpsbo |
|
| 801 | 1 |
_aRU _bELAR _2rusmarc |
|
| 852 |
_aNLR _j72-4/13037 |
||
| 942 | _cBOOK | ||
| 980 | _aNB | ||